000
00302nam a2200121Ia 4500
008
190216s9999||||xx |||||||||||||| ||und||
100
_a
Sodhi G S
245
0
_a
Fundamental Concepts Of Environmental Chemistry
260
_b
Narosa Pubs House
_c
2000
300
_a
465p
650
_a
Chemistry
942
_c
BK
999
_c
3123
_d
3123